| 000 | 00500nam a2200169Ia 4500 | ||
|---|---|---|---|
| 005 | 20250423095205.0 | ||
| 008 | 250422s9999 xx 000 0 und d | ||
| 020 | _a9221027414 | ||
| 050 | _aHD 2755.5 .E48/ | ||
| 245 | 0 | _aEmployment effects of multinational enterprises in industrialised countries | |
| 260 | _aGeneva | ||
| 260 | _bInternational Labour Office | ||
| 260 | _c1981 | ||
| 300 | _a100 p | ||
| 650 | _aInternational business enterprises. Employment (Economic theory) | ||
| 942 | _cBK | ||
| 999 |
_c29522 _d29522 |
||